000 00550nam a2200169 a 4500
005 20140412111242.0
008 010727s19uu xx 00 eng d
020 _a971-569-268-0
050 _aFil 808.89
_bC455 1998
100 _aChorengel, Marla Yotoko
245 _aTobie and the Christmas bell /
_cstory by Marla Yotoko Chorengel ; pictures by Bernadette C. Solina.
260 _aMakati City :
_bBookmark, Inc,
_c1998.
300 _a1v. (unp.) ; ill.
650 _aChristmas stories
650 _aChildren's stories, English
999 _c102765
_d102765